| 000 | 00632pam a2200229 a 4500 | ||
|---|---|---|---|
| 999 |
_c46246 _d46246 |
||
| 001 | 531478 | ||
| 005 | 20190430092609.0 | ||
| 008 | 870327s1987 tnu 000 0 eng | ||
| 010 | _a 87001328 | ||
| 020 | _a0687315492 | ||
| 040 |
_aDLC _cDLC _dDLC |
||
| 100 | 1 |
_aHinson, William H., _d1936-2004. |
|
| 245 | 1 | 2 |
_aA place to dig in : _bdoing evangelism in the local church / _cWilliam H. Hinson. |
| 260 |
_aNashville : _bAbingdon Press, _cc1987. |
||
| 300 |
_a139 p. ; _c23 cm. |
||
| 336 | _atext | ||
| 337 | _aunmediated | ||
| 338 | _avolume | ||
| 650 | 0 | _aEvangelistic work. | |
| 650 | 0 | _achurch growth | |
| 942 |
_2lcc _cBK |
||